<?xml version="1.0" encoding="UTF-8"?>
<record
    xmlns:xsi="http://www.w3.org/2001/XMLSchema-instance"
    xsi:schemaLocation="http://www.loc.gov/MARC21/slim http://www.loc.gov/standards/marcxml/schema/MARC21slim.xsd"
    xmlns="http://www.loc.gov/MARC21/slim">

  <leader>01429nam a2200337 a 4500</leader>
  <controlfield tag="001">00146</controlfield>
  <controlfield tag="003">DO-SdBNP</controlfield>
  <controlfield tag="005">20180315102133.0</controlfield>
  <controlfield tag="007">00146</controlfield>
  <controlfield tag="008">150130s2013    dr 2013       000 0 spa d</controlfield>
  <datafield tag="020" ind1=" " ind2=" ">
    <subfield code="a">9789945121513 </subfield>
  </datafield>
  <datafield tag="040" ind1=" " ind2=" ">
    <subfield code="a">BPMSU</subfield>
    <subfield code="b">spa</subfield>
    <subfield code="c">BPMSU</subfield>
  </datafield>
  <datafield tag="092" ind1="1" ind2=" ">
    <subfield code="a">373.7   </subfield>
    <subfield code="b">M425e  7mo.  2013</subfield>
  </datafield>
  <datafield tag="245" ind1="0" ind2="0">
    <subfield code="a">Matem&#xE1;tica 7 :</subfield>
    <subfield code="b">educaci&#xF3;n b&#xE1;sica </subfield>
  </datafield>
  <datafield tag="260" ind1=" " ind2=" ">
    <subfield code="a">Santo Domingo :</subfield>
    <subfield code="b">Susaeta,</subfield>
    <subfield code="c">2013.</subfield>
  </datafield>
  <datafield tag="300" ind1=" " ind2=" ">
    <subfield code="a">198 p. :</subfield>
    <subfield code="b">il., retrs. ;</subfield>
    <subfield code="c">28 cm.</subfield>
  </datafield>
  <datafield tag="500" ind1=" " ind2=" ">
    <subfield code="a">Edici&#xF3;n especial para el Ministerio de Educaci&#xF3;n  a&#xF1;o 2013</subfield>
  </datafield>
  <datafield tag="505" ind1="1" ind2=" ">
    <subfield code="t">Unidad 1.: </subfield>
    <subfield code="t">N&#xFA;meros enteros. Operaciones --</subfield>
    <subfield code="t">Unidad 2 .:</subfield>
    <subfield code="t">M&#xFA;ltiplos y divisores --</subfield>
    <subfield code="t">Unidad 3.:</subfield>
    <subfield code="t">Fracciones --</subfield>
    <subfield code="t">Unidad 4 .:</subfield>
    <subfield code="t">Magnitudes --</subfield>
    <subfield code="t">Unidad 5 .:</subfield>
    <subfield code="t">Elementos geom&#xE9;tricos --</subfield>
    <subfield code="t">Unidad 6 .:</subfield>
    <subfield code="t">Pol&#xED;gonos --</subfield>
    <subfield code="t">Unidad 7 .:</subfield>
    <subfield code="t">Poliedros --</subfield>
    <subfield code="t">Unidad 8 .:</subfield>
    <subfield code="t">Estad&#xED;stica --</subfield>
    <subfield code="t">Unidad 9 .:</subfield>
    <subfield code="t">Probabilidades.</subfield>
  </datafield>
  <datafield tag="650" ind1=" " ind2="4">
    <subfield code="a">EDUCACI&#xD3;N  PRIMARIA </subfield>
    <subfield code="z">REP&#xDA;BLICA DOMINICANA</subfield>
  </datafield>
  <datafield tag="650" ind1=" " ind2="4">
    <subfield code="a">MATEM&#xC1;TICAS</subfield>
    <subfield code="x">ESTUDIOS Y EJERCICIOS</subfield>
  </datafield>
  <datafield tag="650" ind1=" " ind2="4">
    <subfield code="a">MATEM&#xC1;TICAS</subfield>
    <subfield code="x">LIBROS DE TEXTOS</subfield>
  </datafield>
  <datafield tag="650" ind1=" " ind2="4">
    <subfield code="a">MATEM&#xC1;TICAS </subfield>
    <subfield code="x">ENSE&#xD1;ANZA  B&#xC1;SICA</subfield>
  </datafield>
  <datafield tag="650" ind1=" " ind2="4">
    <subfield code="a">MATEM&#xC1;TICAS </subfield>
    <subfield code="x">EDUCACI&#xD3;N PRIMARIA</subfield>
  </datafield>
  <datafield tag="910" ind1=" " ind2=" ">
    <subfield code="a">Validado. Control de calidad MFF</subfield>
  </datafield>
  <datafield tag="942" ind1=" " ind2=" ">
    <subfield code="2">ddc</subfield>
    <subfield code="c">BK</subfield>
  </datafield>
  <datafield tag="945" ind1=" " ind2=" ">
    <subfield code="a">Remanejado para la BNPHU / 2018 VM</subfield>
  </datafield>
  <datafield tag="952" ind1=" " ind2=" ">
    <subfield code="0">0</subfield>
    <subfield code="1">0</subfield>
    <subfield code="2">ddc</subfield>
    <subfield code="4">0</subfield>
    <subfield code="7">0</subfield>
    <subfield code="8">CE</subfield>
    <subfield code="a">BPMET</subfield>
    <subfield code="b">BPMET</subfield>
    <subfield code="d">2015-07-22</subfield>
    <subfield code="e">Donaci&#xF3;n</subfield>
    <subfield code="l">0</subfield>
    <subfield code="o">372.7   M425e  7mo.  2013</subfield>
    <subfield code="p">BPMSU15070335</subfield>
    <subfield code="r">2015-07-22</subfield>
    <subfield code="w">2015-07-22</subfield>
    <subfield code="y">BK</subfield>
  </datafield>
  <datafield tag="952" ind1=" " ind2=" ">
    <subfield code="0">0</subfield>
    <subfield code="1">0</subfield>
    <subfield code="2">ddc</subfield>
    <subfield code="4">0</subfield>
    <subfield code="7">0</subfield>
    <subfield code="a">BPMET</subfield>
    <subfield code="b">BPMET</subfield>
    <subfield code="d">2015-07-22</subfield>
    <subfield code="e">Donaci&#xF3;n</subfield>
    <subfield code="l">0</subfield>
    <subfield code="o">372.7   M425e  7mo.  2013</subfield>
    <subfield code="p">BPMSU15070336</subfield>
    <subfield code="r">2015-07-22</subfield>
    <subfield code="t">ej. 2</subfield>
    <subfield code="w">2015-07-22</subfield>
    <subfield code="y">BK</subfield>
  </datafield>
  <datafield tag="956" ind1=" " ind2=" ">
    <subfield code="a">DGARCIA</subfield>
    <subfield code="b">10</subfield>
    <subfield code="c">20150710</subfield>
    <subfield code="l">BND01</subfield>
    <subfield code="h">0843</subfield>
  </datafield>
  <datafield tag="956" ind1=" " ind2=" ">
    <subfield code="a">YLOCKWARD</subfield>
    <subfield code="b">10</subfield>
    <subfield code="c">20150710</subfield>
    <subfield code="l">BND01</subfield>
    <subfield code="h">1000</subfield>
  </datafield>
  <datafield tag="956" ind1=" " ind2=" ">
    <subfield code="a">VMATEO</subfield>
    <subfield code="b">10</subfield>
    <subfield code="c">20150722</subfield>
    <subfield code="l">BPMSU</subfield>
    <subfield code="h">00151</subfield>
  </datafield>
  <datafield tag="956" ind1=" " ind2=" ">
    <subfield code="a">BTAV&#xC1;REZ</subfield>
    <subfield code="b">10</subfield>
    <subfield code="c">20160405</subfield>
    <subfield code="l">00146</subfield>
  </datafield>
  <datafield tag="999" ind1=" " ind2=" ">
    <subfield code="c">8001</subfield>
    <subfield code="d">8001</subfield>
  </datafield>
</record>
